Attacks on Justice : (Record no. 892)

MARC details
000 -LEADER
fixed length control field 00615nam a22001697a 4500
005 - DATE AND TIME OF INPUT
control field 20231123114752.0
008 - DATA ELEMENTS--GENERAL INFORMATION
fixed length control field 231123b |||||||| |||| 00| 0 eng d
020 ## - INTERNATIONAL STANDARD BOOK NUMBER
International Standard Book Number 929037091.2
041 ## - LANGUAGE CODE
Language code of text English
082 ## - SHELF NUMBER
DDC number 341.48 CEN
100 ## - MAIN AUTHOR
Language of a work English
245 ## - TITLE STATEMENT
Title Attacks on Justice :
Sub-title The Harassment and Persecution of Judges and Lawyers /
Statement of responsibility, etc. edited by MA Rishmawi
260 ## - PUBLICATION, DISTRIBUTION, ETC.
Place of publication, distribution, etc. Geneva :
Name of publisher, distributor, etc. Centre for the Independence of Judges and Lawyers of the International Commission of Jurists,
Date of publication, distribution, etc. 1996
300 ## - PHYSICAL DESCRIPTION
Other physical details 316 pages ;
Dimensions 23 cm.
650 ## - SUBJECT`
Broad subject Legal practice
Own subject terms Law
942 ## - ADDED ENTRY ELEMENTS (KOHA)
Item type Books
942 ## - ADDED ENTRY ELEMENTS (KOHA)
-- ALISON_BN_VRIES
Holdings
Source of classification or shelving scheme Not for loan Collection code Home library Current library Shelving location Date acquired Full call number Barcode Price effective from Koha item type
Dewey Decimal Classification   TEXT BOOKS LAW SOCIETY OF NAMIBIA LIBRARY - WINDHOEK LAW SOCIETY OF NAMIBIA LIBRARY - WINDHOEK Constitutional and administrative law 11/23/2023 341.48 CEN LSN/1997/2 11/23/2023 Books